Normal view
MARC view
- Animals
Entry Topical Term
001 - CONTROL NUMBER
- control field: 86728
003 - CONTROL NUMBER IDENTIFIER
- control field: OSt
005 - DATE AND TIME OF LATEST TRANSACTION
- control field: 20251007103901.0
008 - FIXED-LENGTH DATA ELEMENTS
- fixed length control field: 251007|| aca||aabn | a|a d
040 ## - CATALOGING SOURCE
- Original cataloging agency: OSt
- Transcribing agency: OSt
150 ## - HEADING--TOPICAL TERM
- Topical term or geographic name as entry element: Animals
- Geographic subdivision: Antarctica
- Form subdivision: Fiction
670 ## - SOURCE DATA FOUND
- Source citation: Work cat.: (OSt)49612: Viva, Frank. author. 49496, A trip to the bottom of the world with Mouse/, 2012.